000
00306 a2200157 4500
001
183045
020
_a
85-280-0151-2
040
_c
Magnum
100
_a
Albernaz, Kenneth
240
1
0
_a
Tocaia
_l
por
245
1
0
_a
Tocaia
300
_a
81
362
0
_a
1985
697
_a
LITERATURA GERAL
942
_c
BK
999
_c
183045
_d
183045